00522nam a2200169Ia 4500008004100000020001500041041001200056082001100068100001300079245003200092260002500124300000800149650000700157942000700164999001500171952016600186221030s9999 xx 000 0 und d a0070534691 aEnglish a105.23 aBallaney 0aThermodyanmicscby Ballaney bTMHaNew Delhic2005 a590 aEE cBK c3901d3901 pBE 8157g70.00l0o105.23 r2024-06-13 00:00:00w2022-10-30yBK003Print4070aMIETLIBbMIETLIBcBL-Academic Block C, FL-2, CUP-4, SH-6, R-6d2006-10-1410HBE